[Event "Copenhagen Cup IM-A"]
[Site "Copenhagen"]
[Date "2012.10.17"]
[Round "1"]
[White "Palm, Nikolaj"]
[Black "Eriksson, Christian Altenburg"]
[Result "1/2-1/2"]
[WhiteElo "2307"]
[BlackElo "2098"]
[PlyCount "85"]
[EventDate "2012.10.17"]
[EventType "tourn"]
[EventRounds "9"]
[EventCountry "DEN"]
[EventCategory "4"]
[SourceTitle "EXT 2013"]
[Source "ChessBase"]
[SourceDate "2012.11.22"]

1. d4 d5 2. Nf3 Nf6 3. c4 dxc4 4. e3 e6 5. Bxc4 a6 6. O-O c5 7. a4 Nc6 8. Nc3
Qc7 9. Qe2 Bd6 10. Rd1 O-O 11. Bd2 b6 12. Be1 Bb7 13. h3 Rfd8 14. Rab1 h6 15.
Rbc1 Na5 16. Ba2 Rac8 17. dxc5 bxc5 18. Nb1 Nc6 19. Na3 Qe7 20. Nc4 Bc7 21. Bb1
Rxd1 22. Rxd1 Rd8 23. Bc3 Nb4 24. b3 Rd5 25. Rd2 Rxd2 26. Nfxd2 Nfd5 27. Bb2
Nb6 28. Nxb6 Bxb6 29. f4 Bc7 30. Qg4 f5 31. Qg6 Nd5 32. Nc4 Nf6 33. Bc2 Bd5 34.
Bc3 Ne4 35. Bxe4 Bxe4 36. Kh2 Qf7 37. Qg3 Kh7 38. Qf2 Qd7 39. Qb2 Bd5 40. Qe2
Qc6 41. Nd2 Qb7 42. Qf2 Bd6 43. Qe2 1/2-1/2

[Event "Copenhagen Cup IM-A"]
[Site "Copenhagen"]
[Date "2012.10.18"]
[Round "3"]
[White "Palm, Nikolaj"]
[Black "Holm, Kristian Stuvik"]
[Result "1-0"]
[WhiteElo "2307"]
[BlackElo "2316"]
[PlyCount "89"]
[EventDate "2012.10.17"]
[EventType "tourn"]
[EventRounds "9"]
[EventCountry "DEN"]
[EventCategory "4"]
[SourceTitle "EXT 2013"]
[Source "ChessBase"]
[SourceDate "2012.11.22"]

1. d4 Nf6 2. Nf3 c5 3. e3 g6 4. b3 Bg7 5. Bb2 O-O 6. Bd3 Nc6 7. O-O cxd4 8.
exd4 Nb4 9. Be2 d6 10. a3 Nbd5 11. Re1 Nf4 12. Bf1 Bg4 13. h3 Bf5 14. c4 Rc8
15. Nc3 d5 16. c5 Ne4 17. b4 b6 18. Qb3 bxc5 19. dxc5 Nxc3 20. Bxc3 d4 21. Bb2
Be6 22. Bc4 Bxc4 23. Qxc4 e5 24. g3 Nxh3+ 25. Kg2 Ng5 26. Nxe5 Bxe5 27. Rxe5
Qf6 28. f4 Ne6 29. Rae1 Rfd8 30. Qd3 h5 31. f5 Ng5 32. b5 h4 33. Bc1 hxg3 34.
Qxg3 Nh7 35. fxg6 fxg6 36. Re6 Qf5 37. Rxg6+ Kh8 38. Re7 Qc2+ 39. Kh3 Qf5+ 40.
Kh4 Rd7 41. Rxd7 Qe4+ 42. Bf4 Qh1+ 43. Qh2 Qe1+ 44. Rg3 Rg8 45. Be5+ 1-0

[Event "Copenhagen Cup IM-A"]
[Site "Copenhagen"]
[Date "2012.10.18"]
[Round "2"]
[White "Tari, Aryan"]
[Black "Eriksson, Christian Altenburg"]
[Result "1/2-1/2"]
[WhiteElo "2280"]
[BlackElo "2098"]
[PlyCount "61"]
[EventDate "2012.10.17"]
[EventType "tourn"]
[EventRounds "9"]
[EventCountry "DEN"]
[EventCategory "4"]
[SourceTitle "EXT 2013"]
[Source "ChessBase"]
[SourceDate "2012.11.22"]

1. Nf3 c5 2. c4 g6 3. d4 cxd4 4. Nxd4 Bg7 5. e4 Nc6 6. Nc2 Nf6 7. Nc3 d6 8. Be2
O-O 9. Bd2 Bd7 10. O-O Rc8 11. Rc1 Ne5 12. Ne3 a6 13. f3 Qb6 14. Kh1 Nc6 15. b3
Nd4 16. Ned5 Nxd5 17. Nxd5 Qd8 18. Bg5 Re8 19. Be3 e5 20. Qd2 Bc6 21. Bg5 f6
22. Be3 Bxd5 23. cxd5 Qb6 24. f4 Bh6 25. Rxc8 Rxc8 26. Bg4 Qb5 27. Re1 Rc2 28.
Qd1 Qc5 29. Rf1 Qc3 30. Be6+ Kg7 31. Bxd4 1/2-1/2

[Event "Copenhagen Cup IM-A"]
[Site "Copenhagen"]
[Date "2012.10.20"]
[Round "6"]
[White "Tari, Aryan"]
[Black "Holm, Kristian Stuvik"]
[Result "1/2-1/2"]
[WhiteElo "2280"]
[BlackElo "2316"]
[PlyCount "35"]
[EventDate "2012.10.17"]
[EventType "tourn"]
[EventRounds "9"]
[EventCountry "DEN"]
[EventCategory "4"]
[SourceTitle "EXT 2013"]
[Source "ChessBase"]
[SourceDate "2012.11.22"]

1. Nf3 Nf6 2. g3 c5 3. Bg2 Nc6 4. d4 cxd4 5. Nxd4 g6 6. O-O Bg7 7. c4 O-O 8.
Nc3 Nxd4 9. Qxd4 d6 10. Bg5 h6 11. Bxf6 Bxf6 12. Qd2 Bg7 13. Rfd1 Be6 14. Bxb7
Rb8 15. Bd5 Bxd5 16. cxd5 Qa5 17. Rab1 Rfc8 18. Rdc1 1/2-1/2

[Event "Copenhagen Cup IM-A"]
[Site "Copenhagen"]
[Date "2012.10.19"]
[Round "4"]
[White "Tari, Aryan"]
[Black "Teplyi, Igor"]
[Result "1/2-1/2"]
[WhiteElo "2280"]
[BlackElo "2386"]
[PlyCount "202"]
[EventDate "2012.10.17"]
[EventType "tourn"]
[EventRounds "9"]
[EventCountry "DEN"]
[EventCategory "4"]
[SourceTitle "EXT 2013"]
[Source "ChessBase"]
[SourceDate "2012.11.22"]

1. c4 g6 2. e4 e5 3. d4 d6 4. dxe5 dxe5 5. Qxd8+ Kxd8 6. Nf3 f6 7. Nc3 Be6 8.
Be2 Nd7 9. O-O c6 10. Rd1 Ke8 11. Be3 Bh6 12. Bxh6 Nxh6 13. b4 a5 14. b5 Ke7
15. Na4 cxb5 16. cxb5 Rac8 17. Rac1 Nf7 18. Nc3 Rc5 19. Na4 Rxc1 20. Rxc1 Nd6
21. Nc3 Rc8 22. Nd2 Nb6 23. f3 f5 24. exf5 gxf5 25. Kf2 Bd7 26. Bd3 Kd8 27. Rc2
h6 28. g3 Be6 29. Ndb1 Ke7 30. Rd2 Rc5 31. Rc2 Rc8 32. Rd2 Rc7 33. Rc2 Rd7 34.
Ke2 Rd8 35. Nd2 Rc8 36. Ndb1 Nd7 37. Rd2 Nc4 38. Bxc4 Bxc4+ 39. Kf2 Nb6 40. Na3
Be6 41. Rd3 Rc7 42. Ke2 Bf7 43. Kd2 Be6 44. Re3 Rd7+ 45. Rd3 Rxd3+ 46. Kxd3 Kd6
47. Nc2 Kc5 48. Ne3 f4 49. gxf4 exf4 50. Ng2 Nd5 51. a3 Nxc3 52. Kxc3 Bd5 53.
Nxf4 Bxf3 54. Ne6+ Kd5 55. Nd4 Bg4 56. Kd3 Kc5 57. Kc3 Bd7 58. a4 b6 59. Nb3+
Kd5 60. Nd2 Bg4 61. Nc4 Kc5 62. Ne5 Be6 63. h4 Kd6 64. Nd3 Bf5 65. Nb2 Be6 66.
Nd3 Bg4 67. Kd4 Bd1 68. Nb2 Bb3 69. Kc3 Ba2 70. Kd4 Ke6 71. Ke4 Bb3 72. Kd4 Kf5
73. Kc3 Be6 74. Kd4 Ba2 75. Nd1 Bb3 76. Nc3 Ke6 77. Ke4 Kd6 78. Kd4 Bc2 79. Kc4
Ke5 80. Nd5 Bxa4 81. Nxb6 Bd1 82. Kc5 Be2 83. Nc4+ Bxc4 84. Kxc4 Kd6 85. Kb3 h5
86. Ka4 Kc7 87. Kxa5 Kb7 88. b6 Kb8 89. Kb5 Kb7 90. Kc5 Kb8 91. Kd6 Kb7 92. Ke6
Kxb6 93. Kf6 Kc6 94. Kg6 Kd6 95. Kxh5 Ke7 96. Kg6 Kf8 97. Kh7 Kf7 98. h5 Kf8
99. Kh8 Kf7 100. h6 Kf8 101. h7 Kf7 1/2-1/2